Donde caiga la flecha / (Record no. 195599)

MARC details
000 -LEADER
campo de control de longitud fija 02618nam a2200349 i 4500
001 - NÚMERO DE CONTROL
campo de control 195599
003 - IDENTIFICADOR DE NÚMERO DE CONTROL
campo de control ES-MaACL
005 - FECHA Y HORA DE LA ÚLTIMA TRANSACCIÓN
campo de control 20250714063120.0
008 - DATOS DE LONGITUD FIJA--INFORMACIÓN GENERAL
campo de control de longitud fija 240626b2024 sp ||||| |||| 00| 0 spa d
017 ## - NÚMERO DE COPYRIGHT O DE DEPÓSITO LEGAL
Número de copyright o de depósito legal B 7183-2024
Agencia que asigna Oficina Depósito Legal Barcelona
020 ## - NÚMERO INTERNACIONAL ESTÁNDAR DEL LIBRO
Número Internacional Estándar del Libro 9788467071733
040 ## - FUENTE DE CATALOGACIÓN
Lengua de catalogación spa
Centro/agencia transcriptor ES-MaACL
100 ## - ENTRADA PRINCIPAL--NOMBRE DE PERSONA
Nombre de persona Landaluce, Emilia
9 (RLIN) 237215
Término indicativo de función/relación Autor
245 ## - MENCIÓN DEL TÍTULO
Título Donde caiga la flecha /
Mención de responsabilidad, etc. Emilia Landaluce, Rosa Belmonte.
250 ## - MENCION DE EDICION
Mención de edición Primera edición: mayo 2024
260 ## - PUBLICACIÓN, DISTRIBUCIÓN, ETC.
Lugar de publicación, distribución, etc. Barcelona :
Nombre del editor, distribuidor, etc. Editorial Planeta,
Fecha de publicación, distribución, etc. 2024.
300 ## - DESCRIPCIÓN FÍSICA
Extensión 355 páginas ;
Dimensiones 23 cm
336 ## - TIPO DE CONTENIDO
Fuente rdacontent
Término de tipo de contenido texto
337 ## - TIPO DE MEDIO
Fuente rdamedia
Nombre/término del tipo de medio sin mediación
338 ## - TIPO DE SOPORTE
Fuente rdacarrier
Nombre/término del tipo de soporte volumen
520 ## - RESUMEN, ETC.
Sumario, etc. Esta novela ofrece una nueva entrega de las peripecias de Socorro, la periodista de sucesos protagonista de La mala víctima, la primera incursión en la narrativa de las autoras. La intriga tiene su epicentro en la finca manchega de sus protectoras, las millonarias e influyentes hermanas Lequerica, dueñas del periódico donde trabaja Socorro.<br/><br/>La joven tiene que volver a ese lugar para completar un reportaje sobre crímenes sin resolver: en los años noventa, muy cerca de la finca, fueron secuestradas y después asesinadas dos niñas, lo que provocó una marea de morbo alimentada por los medios de la época. Solo fue condenado por ese crimen un hombre, el tonto del pueblo, que se suicidó nada más salir de la cárcel. En el aire quedó la sospecha de que los verdaderos culpables consiguieron escapar.<br/><br/>Mientras Socorro avanza con sus pesquisas, las Lequerica organizan varias cacerías en la que se dan cita algunos de los más poderosos hombres de negocios del país. Durante toda la temporada, van sucediéndose hechos que arrojarán luz sobre aquel crimen del pasado y muchas sombras sobre el presente del periódico. De nuevo, el código ético de Socorro, las deudas pendientes con su pasado y su afán por descubrir la verdad entrarán en conflicto.
700 ## - ENTRADA AGREGADA--NOMBRE PERSONAL
Nombre de persona Belmonte, Rosa
Término indicativo de función/relación Autor
9 (RLIN) 238864
852 ## - LOCALIZACIÓN
Ubicación ES-MaACL
Ubicación en estantería Depósito J
Número de control de estantería N-10078
Anotaciones manuscritas Dedicatorias autógrafas de las autoras
Donativo/Legado Donación: Emilia Landaluce; Rosa Belmonte
Encuadernación Encuadernación rústica con solapas
itemnumber 206213
903 ## - NOMBRE PERSONAL DE DONANTE
9 237215
a Landaluce, Emilia
e Donante
903 ## - NOMBRE PERSONAL DE DONANTE
a Belmonte, Rosa
e Donante
942 ## - ELEMENTOS DE ENTRADA SECUNDARIOS (KOHA)
Tipo de ítem Koha Libro impreso
Suprimir en OPAC No
Holdings
Estatus retirado Estado de pérdida Fuente del sistema de clasificación o colocación Estado de daño No para préstamo Colección Biblioteca de origen Biblioteca actual Ubicación en estantería Fecha de adquisición Fuente de adquisición Total de préstamos Signatura topográfica completa Código de barras Visto por última vez Fecha del último préstamo Precio de reemplazo Tipo de ítem Koha
    Clasificación decimal universal     Libros con dedicatorias Biblioteca del Ateneo de Madrid Biblioteca del Ateneo de Madrid Depósito J 11/07/2025 Donación 1 N-10078 2025-0604 16/10/2025 14/10/2025 11/07/2025 Libro impreso